Constelaciones : (Record no. 177497)
[ view plain ]
| 000 -CABECERA | |
|---|---|
| campo de control de longitud fija | 01195cas a2200265 a 4500 |
| 005 - FECHA Y HORA DE LA ÚLTIMA TRANSACCIÓN | |
| campo de control | 20220628074215.0 |
| 006 - ELEMENTOS DE LONGITUD FIJA – CARACTERÍSTICAS DE MATERIALES ADICIONALES – INFORMACIÓN GENERAL | |
| campo de control de longitud fija | s|||||o|||| 00| 0 |
| 008 - ELEMENTOS DE LONGITUD FIJA--INFORMACIÓN GENERAL | |
| campo de control de longitud fija | 991125c2009 sp ar p o 000 0 spa d |
| 022 ## - NÚMERO INTERNACIONAL NORMALIZADO PARA PUBLICACIONES SERIADAS | |
| Número Internacional Normalizado para Publicaciones Seriadas | 2172-9506 |
| 035 ## - NÚMERO DE CONTROL DEL SISTEMA | |
| Número de control de sistema | UPN01000205396 |
| 040 ## - FUENTE DE LA CATALOGACIÓN | |
| Centro catalogador/agencia de origen | MX-MxUPN |
| Lengua de catalogación | spa |
| Normas de descripción | aacr2 |
| 049 ## - COLECCIÓN | |
| Colección | REV-E |
| 245 00 - MENCIÓN DE TÍTULO | |
| Título | Constelaciones : |
| Resto del título | revista de teoría crítica |
| Medio | [recurso electrónico en línea] |
| 260 ## - PUBLICACIÓN, DISTRIBUCIÓN, ETC. | |
| Lugar de publicación, distribución, etc. | Madrid : |
| Nombre del editor, distribuidor, etc. | Sociedad de Estudios de Teoría Crítica, |
| Fecha de publicación, distribución, etc. | 2009- |
| 310 ## - FRECUENCIA ACTUAL DE LA PUBLICACION | |
| Periodicidad actual | Anual |
| 506 0# - NOTA DE RESTRICCIONES AL ACCESO | |
| Limitaciones de acceso | Acceso abierto |
| 510 1# - NOTA DE CITAS O REFERENCIAS BIBLIOGRÁFICAS | |
| Nombre de la fuente | Rebiun |
| 510 1# - NOTA DE CITAS O REFERENCIAS BIBLIOGRÁFICAS | |
| Nombre de la fuente | Dialnet |
| 520 1# - NOTA DE RESUMEN, ETC. | |
| Sumario, etc. | "Es una publicación de investigación y divulgación que pretende ser un lugar de reunión y difusión de los trabajos teóricos, en cualquier campo en el que se desarrolle, de las personas interesadas en el análisis y comprensión de los fenómenos sociales y culturales actuales inspiradas por la teoría que se ha venido en llamar Teoría Crítica". |
| Fuente proveedora | Constelaciones : revista de teoría crítica |
| 653 0# - TERMINO DE INDIZACION - NO CONTROLADO | |
| Término no controlado | Pedagogía |
| 856 40 - LOCALIZACIÓN Y ACCESO ELECTRÓNICOS | |
| Identificador Uniforme del Recurso | <a href="https://conrado.ucf.edu.cu/index.php/conrado/issue/view/70">https://conrado.ucf.edu.cu/index.php/conrado/issue/view/70</a> |
| 856 40 - LOCALIZACIÓN Y ACCESO ELECTRÓNICOS | |
| Identificador Uniforme del Recurso | <a href="http://dialnet.unirioja.es/servlet/revista?codigo=16246">http://dialnet.unirioja.es/servlet/revista?codigo=16246</a> |
| 905 ## - TIPO DE MATERIAL | |
| Tipo de material | Revista |
| 942 ## - ELEMENTOS DE PUNTO DE ACCESO ADICIONAL (KOHA) | |
| Tipo de ítem Koha | Revista Electrónica |
| Estado de retiro | Estado de pérdida | Estado dañado | No para préstamo | Código de colección | Localización permanente | Ubicación/localización actual | Ubicación en estantería | Fecha de adquisición | Fecha visto por última vez | Identificador Uniforme del Recurso | Tipo de ítem Koha |
|---|---|---|---|---|---|---|---|---|---|---|---|
| Acceso abierto | Bib. Gregorio Torres Quintero | Bib. Gregorio Torres Quintero | En línea | 26/05/2022 | 26/05/2022 | https://conrado.ucf.edu.cu/index.php/conrado/issue/view/70 | Revista Electrónica |
